Joueurs du PSG jeunes par images - Statistiques

Statistiques générales
  • Ce quiz a été pris 91 fois
  • Le résultat moyen est 10 sur 12
Statistiques - réponses
Par images Réponse % Correct
Achraf Hakimi
96%
Désiré Doué
96%
Kylian Mbappé
96%
Ousmane Dembélé
95%
Ángel Di María
94%
Marquinhos
93%
Lucas Chevalier
90%
Fabián Ruiz
88%
Julian Draxler
78%
Presnel Kimpembe
74%
David Beckham
40%
Kevin Trapp
33%
Aucun quiz correspondant
Distribution des résultats
% des personnes avec chaque résultat
Percentile par nombre de réponses
Votre historique - résultats
Vous n’avez pas pris ce quiz